| 000 | 00811nam a2200265 i 4500 | ||
|---|---|---|---|
| 001 | bgj | ||
| 100 | 1 |
_aSWIFT, Jonathan _d(1667-1745). |
|
| 245 | 1 | 0 |
_aGulliver's Travels, A Tale of a Tube, Battle of the Books / _cby Jonathan Swift ; with introduction and notes by Alfred Eddy. |
| 260 |
_aNew York : _bOxford University Press, _cc. 1933. |
||
| 300 |
_aXXIV, 609 pp : _bmaps ; _c19 cm. |
||
| 650 | 9 | _aFantasy fiction | |
| 650 | 9 |
_aImaginary societes _yEarly works to 1800 |
|
| 650 | 9 | _aTravelers | |
| 650 | 9 | _aSatire | |
| 650 | 9 | _aUtopian | |
| 650 | 9 | _aUtopias | |
| 650 | 9 |
_aImaginary |Voyages _yEarly works to 1800 |
|
| 650 | 9 | _aVoyages and travels | |
| 655 | _aFiction | ||
| 700 | 1 | _aEDDY, Alfred. | |
| 040 | _cBPK | ||
| 041 | 0 | _aeng | |
| 942 | _cKS | ||
| 008 | s uk f |000 0 eng | ||
| 999 |
_c48781 _d48781 |
||